=LDR 00000nam 2200000 4500 =001 NUTBA000000000004364 =005 20200401075756 =035 ##$$a 0010-091400000000397 =008 200401################g##########0#ind## =082 ##$$a 2x0.00 2 =100 ##$$a syaikhah, Fayiz Musa Abu =245 1#$$a Fatwa-fatwa Al Utsaimin /$c Fayiz Musa Abu Syaikhah; Penerjemah: Ali Murtadho Syahudi; Editor: Edy Fr. Lc. =260 ##$$a jakarta :$b Najla press,$c 2003 =300 ##$$a 164 hlm : $b ilus ; $c 20 x 13 cm =850 ##$$a NBPNMAT =084 ##$$a 2x0.00 2 SYA f =650 #4$$a Islam-Fatwa =990 ##$$a 10400487 =990 ##$$a 10400488 =990 ##$$a 10400485 =990 ##$$a 10400486